[Event "Sarajevo Bosnia 31st"]
[Site "Sarajevo"]
[Date "2001.05.13"]
[Round "1"]
[White "Georgiev, Kiril"]
[Black "Sokolov, Ivan"]
[Result "1-0"]
[WhiteElo "2676"]
[BlackElo "2659"]
[Annotator "Ribli,Z"]
[PlyCount "81"]
[EventDate "2001.05.13"]
[EventType "tourn"]
[EventRounds "9"]
[EventCountry "BIH"]
[EventCategory "16"]
[SourceTitle "CBM 084"]
[Source "ChessBase"]
[SourceDate "2001.09.13"]
[SourceVersion "1"]
[SourceVersionDate "2001.09.13"]
[SourceQuality "1"]

1. c4 e5 2. g3 Nc6 3. Bg2 g6 4. Nc3 Bg7 5. Rb1 {Ein aussichtsreicher Plan -
Weiß legt sich noch nicht auf eine bestimmte Entwicklung seines Königsflügels
fest, sondern versucht, so schnell wie möglich b2-b4 durchzusetzen.} f5 (5...
d6 6. b4 f5 7. b5 Nce7 8. e3 Nf6 9. Nge2 O-O 10. d4 e4 11. a4 Be6 12. Qb3 Bf7
13. O-O Kh8 14. a5 g5 15. f3 {1-0 Mowsziszian,K-Andreasson,I/Benasque op 1997 
(48)}) (5... a5) 6. b4 a6 (6... Nf6 7. b5 Ne7 8. Qb3 (8. e3) 8... d6 9. e3 (9.
d3 h6 10. f4 (10. Nf3) 10... exf4 11. gxf4 O-O 12. Nf3 Kh7 13. O-O Neg8 14. Kh1
Re8 {[#]} 15. e4 Nh5 16. Qc2 Ngf6 17. Bd2 Ng4 18. Rbe1 Be6 19. Ne2 c6 20. bxc6
bxc6 21. h3 {1-0 Dorfman,J-Fiol,F/Cannes Martinez op 1996 (40)}) 9... O-O 10.
Nge2 Kh8 11. d3 a6 12. a4 axb5 13. axb5 (13. cxb5 $5 $14) 13... c6 14. O-O Be6
15. Ba3 Re8 $1 16. Rfc1 Bg8 $5 17. bxc6 bxc6 18. Qb4 d5 19. cxd5 Nexd5 20. Nxd5
Bxd5 $1 {1/2-1/2 Georgiev,K-Bareev,E/Sarajevo 1998/CBM 66/[Ribli] (39)}) 7. a4
Nf6 (7... a5 $6 8. b5 Nce7 $14 (8... Nd4 9. e3 Ne6 10. Nge2 $14) (8... Nb4 9.
Ba3 $16)) 8. b5 axb5 9. axb5 Ne7 (9... Nd4 10. e3 Ne6) 10. Qb3 d6 (10... O-O
11. c5+ $5 $14) 11. d3 O-O (11... Nd7 12. Na4 Rb8 13. Nf3 b6 14. O-O h6 15. Bb2
Nc5 16. Nxc5 bxc5 17. Ra1 O-O {1/2-1/2 Kirov,N-Lukov,V/Sofia 1981/EXT 99 (62)})
12. Nf3 {Wir haben nun eine Stellung der Sizilianischen Verteidigung 
(Geschlossene Variante) mit vertauschten Farben vor uns. Es ist typisch für
diese Stellungen, dass Weiß am Damenflügel und Schwarz am Königsflügel spielt.}
(12. c5+ d5 $13) 12... Kh8 13. O-O Nfg8 $6 {[%mdl 16384] Dieser Springerzug
gefällt mir nicht - der Springer entfernt sich sehr weit vom Ort des
Geschehens.} (13... h6 14. c5 g5 15. b6 g4 16. bxc7 Qxc7 17. cxd6 Qxd6 18. Nb5
Qb8 19. Nh4 Nfg8 20. Ba3 {1-0 Schneider,B-Kosten,A/Naestved 1988/EXT 2000 (60)}
) (13... Nd7 $5 $11 {[%cal Gd7c5]}) 14. Bb2 $14 {Weiß hat Raumvorteil und kann
anschließend die a-Linie erobern.} f4 {Schwarz möchte am Königsflügel
angreifen, aber dieser Zug stellt in Wirklichkeit keine Gefahr für Weiß dar.
Statt dessen bekommt Weiß nun die Kontrolle über das Feld e4.} (14... Be6 $6
15. Ng5) (14... h6 $5 15. Ra1 Rxa1 16. Rxa1 Be6 17. Ra7 $14) 15. Ra1 Rb8 (15...
Rxa1 $6 16. Rxa1 $14) 16. d4 $1 {Dieses vorübergehende Bauernopfer verschafft
Weiß dauerhafte Initiative im Zentrum.} fxg3 (16... exd4 17. Nd5) 17. hxg3 exd4
18. Nd5 $44 {Weiß hat einen Bauern weniger, dafür aber ist der Pd4 schwach,
und die weißen Figuren stehen aktiv.} c5 (18... Nf5 $5 19. Rfd1 Re8 (19... Nge7
20. Nxd4 Nxd4 21. Rxd4 $5 $14) 20. Nxd4 Nxd4 21. Bxd4 Bxd4 22. Rxd4 $14 Rxe2 $2
23. Qc3 $18 {[%csl Rh8][%cal Rc3h8]}) 19. bxc6 Nxc6 (19... Nxd5 $2 20. cxd5 Qc7
21. Bxd4 bxc6 22. Bxg7+ Kxg7 23. Qc3+ $16) 20. Rfd1 {[%csl Rd4] Der schwarze
Pd4 ist kaum noch zu verteidigen.} Be6 (20... Re8 $5) 21. Nf4 (21. Nxd4 Bxd5
22. Bxd5 (22. cxd5 Nxd4 23. Bxd4 Bxd4 24. Rxd4 Qf6 25. Qe3 Rbe8 26. Qf4 (26.
Be4 Nh6 $19 {[%cal Rh6f5,Rh6g4]}) 26... Rxe2 $17) 22... Nxd4 23. Rxd4 (23. Bxd4
Bxd4 24. Rxd4 Qf6 (24... Rxf2 $2 25. Kxf2 Qf6+ 26. Ke3 $18) 25. Qe3 Rbe8 26.
Qf4 (26. Be4 Nh6 $19 {[%cal Rh6f5,Rh6g4]}) 26... Qg7 27. Qd2 Rxe2 28. Qxe2 Qxd4
29. Rb1 $11) 23... Bxd4 24. Bxd4+ Nf6 25. Ra7 $44) 21... Bf7 (21... Qc8 22.
Nxd4 $14) (21... Qe7 22. Nxd4 $14) 22. Nxd4 {Schließlich hat Weiß das
materielle Gleichgewicht wiederhergestellt. Er verfügt nun über die bessere
Bauernstruktur. Es ist bemerkenswert, dass der Ng8 die ganze Partie über
passiv steht.} Qf6 $6 (22... Nxd4 23. Bxd4 Bxd4 24. Rxd4 b5 25. Qd1 Bxc4 26.
Rxd6 $14) 23. Nxc6 {[%mdl 2048]} Qxb2 24. Qxb2 Bxb2 25. Nxb8 Bxa1 26. Nd7 $1 (
26. Rxa1 Rxb8 27. Bd5 Kg7 $14) 26... Rd8 (26... Ra8 27. Rxd6 $16 Bxc4 $2 28.
Nb6 $18 {[%cal Rb6a8,Rb6c4]}) 27. Nc5 $1 $16 {[%cal Gd1d8] Mit diesem Zug
gewinnt Weiß einen wichtigen Bauern.} (27. Rxa1 Rxd7 28. Nd5 $14) 27... Be5 $6
(27... Bxc4 28. Nxb7 Ra8 29. Nxd6 Bb3 30. Rb1 Ra6 31. Rxb3 Rxd6 $16) 28. Nxb7
Re8 29. Nd5 (29. Nxd6 Bxd6 30. Rxd6 Bxc4 $16) 29... Nh6 (29... Ne7 30. f4 $18)
30. e3 (30. f4 Bg7 31. e4 $16) 30... Rb8 31. Nb6 {Das ist interessant: Schwarz
hat das Läuferpaar, aber die weißen Springer sind viel wirkungsvoller.} Nf5 32.
Nd7 Rc8 33. g4 $1 Nh4 (33... Ne7 34. Nxe5 dxe5 35. Rd7 $18) (33... Ng7 34. Nxe5
dxe5 35. Nd6 Rf8 36. Nxf7+ $18) (33... Nh6 34. f4 $18) 34. Nxe5 dxe5 35. Nd6
Rc7 36. Nxf7+ Rxf7 37. Rd8+ Kg7 38. Bd5 $18 {[%csl Rh4] Weiß steht auf Gewinn.
Er hat einen Mehrbauern, und der Nh4 steht schrecklich schlecht.} Re7 39. c5 {
[%csl Gc5] Der weiße c-Bauer entscheidet die Partie.} h5 40. gxh5 gxh5 41. c6
1-0

[Event "Cannes team g/60"]
[Site "Cannes"]
[Date "1992.??.??"]
[Round "2"]
[White "Ree, Hans"]
[Black "Hodgson, Julian M"]
[Result "0-1"]
[WhiteElo "2455"]
[BlackElo "2545"]
[Annotator "Ribli,Z"]
[PlyCount "52"]
[EventDate "1992.02.??"]
[EventType "team"]
[EventRounds "6"]
[EventCountry "FRA"]
[SourceTitle "CBM 028"]
[Source "ChessBase"]
[SourceDate "1992.06.01"]
[SourceVersion "1"]
[SourceVersionDate "1992.06.01"]
[SourceQuality "1"]

1. c4 e5 2. g3 d6 3. Bg2 g6 4. Nc3 Bg7 5. e3 Nc6 6. Nge2 h5 7. h3 $6 (7. d4 $1
h4 8. d5 Nb8 $5 9. e4 Bg4 10. h3 (10. Qa4+ Kf8 11. Ng1 Na6 12. f3 Bd7 13. Qd1
Bh6 14. Bxh6+ Nxh6 15. Qd2 Kg7 16. O-O-O Nc5 $13 {Cvetkovic,Sr-Topalov,V
Vrnjacka Banja 1991  CBM/23}) 10... Bxe2 11. Qxe2 Nd7 12. Be3 Bh6 13. O-O-O Kf8
14. Kb1 Kg7 $13 {Rogers,I-Watson,W Prague Chip 1992 CBM/27}) 7... h4 $5 (7...
Nh6 $6 8. Nd5 O-O 9. f4 Ne7 10. O-O c6 11. Nxe7+ Qxe7 12. d3 Be6 13. e4 f5 $13
{Balinas,R-Ivanov,AV New York op 1991  CBM/23}) 8. g4 f5 $1 9. gxf5 Bxf5 10. d3
Nf6 11. e4 Be6 12. Be3 (12. Bg5 $5) 12... Nh5 13. Qd2 Nd4 14. O-O-O c6 15. Kb1
a6 16. Bg5 Bf6 $1 17. Bxf6 Qxf6 $15 18. Rdf1 Nf4 19. Nxf4 exf4 20. f3 Rh5 21.
Ne2 Nxe2 22. Qxe2 Qd4 $1 $17 23. Qd2 Rg5 24. Rh2 $2 (24. Rd1) 24... Bxc4 $19
25. Rd1 Be6 26. Qxf4 Bxa2+ $1 0-1

[Event "Mitropa Cup 16th"]
[Site "Buekfuerdo"]
[Date "1995.??.??"]
[Round "8"]
[White "Gostisa, Leon F"]
[Black "Varga, Zoltan"]
[Result "0-1"]
[WhiteElo "2420"]
[BlackElo "2460"]
[Annotator "Ribli,Z"]
[PlyCount "54"]
[EventDate "1995.02.27"]
[EventType "team-tourn"]
[EventRounds "9"]
[EventCountry "HUN"]
[SourceTitle "CBM 046 Extra"]
[Source "ChessBase"]
[SourceDate "1995.07.01"]
[SourceVersion "1"]
[SourceVersionDate "1995.07.01"]
[SourceQuality "1"]

1. c4 e5 2. Nc3 Nc6 3. g3 g6 4. Bg2 Bg7 5. Rb1 a5 6. d3 f5 7. e3 d6 8. Nge2 Nf6
9. Nd5 $6 {Diese Neuerung gibt nicht viel fuer den Anziehenden.} (9. b3 $5 O-O
10. Bb2 Bd7 11. Qd2 Rb8 12. O-O b6 13. Rbe1 Kh8 14. f4 Ng4 15. Nd5 $14 {
Gurevich,M-Kamsky,G/Reggio Top 16/1991/CBM22/INF51,29/}) 9... O-O 10. O-O Ne7
$5 11. Qc2 (11. b3 c6 12. Nxf6+ Bxf6 13. Bb2 Be6 14. Qd2 $10) 11... c6 12.
Nxf6+ Bxf6 13. Bd2 d5 14. b4 (14. cxd5 cxd5 15. Rfc1 Nc6 (15... Bd7 16. Qc7 Bc6
17. Qxd8 Rfxd8 $10) 16. Qc5 Be6 $13) 14... axb4 15. Bxb4 Rf7 16. Nc3 Be6 17.
Rfd1 Kg7 18. Bc5 (18. Na4 $5 {Es waere besser mit dem Springer den c5 oder b6
Punkten zu besetzen.}) 18... dxc4 19. Rxb7 (19. dxc4 Qa5 20. Bb4 Qa7 21. c5 e4
$13 {Schwarze Laeufer sind sehr aktiv.}) 19... cxd3 20. Rxd3 Qa5 21. Bxe7 (21.
Bb4 Qa6 $17) 21... Rxe7 22. Rxe7+ Bxe7 23. e4 (23. Bxc6 $2 {Verliert sofort.}
e4 $1 24. Rd1 (24. Bxa8 exd3 25. Qb2 Qxa8 $19) 24... Rc8 $19) 23... Qc5 $1 24.
Qb2 (24. Qd2 $5 $15) 24... Ra3 25. exf5 (25. Qb7 Kf7 26. exf5 gxf5 27. Qxc6
Qxc6 28. Bxc6 Bb4 $19) 25... gxf5 26. Bf1 Qb4 27. Qe2 (27. Qxb4 Bxb4 28. Nd1
Rxa2 $19) 27... e4 {Ribli} (27... e4 28. Re3 Rxc3 $19) 0-1

[Event "Nettetal"]
[Site "Nettetal"]
[Date "1992.02.06"]
[Round "1"]
[White "Schlosser, Philipp"]
[Black "Winants, Luc"]
[Result "1/2-1/2"]
[WhiteElo "2485"]
[BlackElo "2515"]
[Annotator "Ribli,Z"]
[PlyCount "87"]
[EventDate "1992.02.06"]
[EventType "tourn"]
[EventRounds "11"]
[EventCountry "GER"]
[EventCategory "9"]
[SourceTitle "CBM 028"]
[Source "ChessBase"]
[SourceDate "1992.06.01"]
[SourceVersion "1"]
[SourceVersionDate "1992.06.01"]
[SourceQuality "1"]

1. c4 e5 2. g3 Nc6 3. Bg2 g6 4. Nc3 Bg7 5. e3 Nge7 6. Nge2 d6 7. O-O O-O 8. Rb1
(8. b3 $5 Be6 9. Ba3 $1 Qd7 10. Nd5 Nd8 11. d4 Bxd5 12. cxd5 Qb5 13. Qd2 e4 14.
Bxe4 Nxd5 15. Bg2 Re8 16. Rac1 $14 {Mednis,E-Bogaerts,J Ostende op 1991 EXP/26}
) 8... Bf5 (8... a5 9. d3 Be6 10. Nd5 Qd7 11. Nec3 $13) 9. d3 Qd7 10. Re1 (10.
b4 $5 Bh3 11. b5 Bxg2 12. Kxg2 Nd8 13. d4 exd4 14. Nxd4 Ne6 15. Nce2 d5 16. Ba3
$14 {Petursson-Sadler Aosta 1990  50/21}) 10... Bh3 11. Bh1 f5 12. b4 f4 13. b5
fxe3 14. fxe3 Nd8 15. Ne4 Qf5 16. N2c3 Ne6 17. Rb2 $1 Bg4 18. Qb3 Kh8 19. Rf2
Qh5 20. Ref1 Rf5 21. Qa3 Bh3 22. Bg2 Bxg2 23. Kxg2 Rxf2+ 24. Rxf2 $14 Nf5 25.
h3 Ng5 26. Nxg5 Qxg5 27. Ne4 Qe7 (27... Nxe3+ $2 28. Kg1 Qh6 29. Rf3 $18) 28.
g4 $5 (28. b6 $5 Bh6 (28... cxb6 29. g4 Nh4+ 30. Kg3 Bf8 31. Bb2 $146) 29. bxc7
Qxc7 30. g4 Nxe3+ 31. Bxe3 Bxe3 32. Rf6 Bc5 33. Qc1 $146) 28... Nh4+ 29. Kg3 b6
30. Qa6 g5 31. Ba3 (31. Qb7 $5) 31... h6 32. Qb7 Rf8 $1 33. Qxa7 (33. Bxd6 $2
Rxf2 34. Kxf2 (34. Bxe7 $4 Rg2#) 34... Qf7+ 35. Ke1 Qf3 $17) 33... Rxf2 34.
Kxf2 Qf7+ 35. Ke1 Qf3 36. Kd2 Qg2+ 37. Kc3 Qxa2 38. Qb8+ Kh7 39. Bb2 Ng2 40.
Qxc7 Nxe3 41. Qf7 Kh8 42. Qe8+ Kh7 43. Qf7 Kh8 44. Qe8+ 1/2-1/2

[Event "Belgrade Investbank"]
[Site "Belgrade"]
[Date "1991.??.??"]
[Round "?"]
[White "Gelfand, Boris"]
[Black "Jussupow, Artur"]
[Result "1/2-1/2"]
[WhiteElo "2665"]
[BlackElo "2625"]
[Annotator "Ribli,Z"]
[PlyCount "41"]
[EventDate "1991.11.??"]
[EventType "tourn"]
[EventRounds "11"]
[EventCountry "YUG"]
[EventCategory "15"]
[SourceTitle "CBM 027"]
[Source "ChessBase"]
[SourceDate "1992.04.01"]
[SourceVersion "1"]
[SourceVersionDate "1992.04.01"]
[SourceQuality "1"]

1. c4 e5 2. Nc3 Nc6 3. g3 g6 4. Bg2 Bg7 5. Rb1 f5 6. b4 Nf6 7. d3 O-O 8. e3 Kh8
9. Nge2 d6 10. O-O a6 11. a4 g5 12. b5 axb5 13. axb5 Ne7 14. f4 gxf4 $5 (14...
h6 $6 15. Bd2 Ng6 16. Qc2 gxf4 17. exf4 h5 18. Nd5 Rb8 19. Nxf6 Bxf6 20. Bc3
Be6 21. Rbe1 Qd7 22. Qb2 Kg7 23. Bf3 Rh8 24. d4 $1 $16 {Augistin,J-Kolesar,M
Brno/Morava-C 1991 EXP/24}) 15. exf4 Ng6 16. Bd2 Qe8 17. Nd5 (17. Qc2 $5) 17...
Nxd5 18. cxd5 Ra2 19. Nc3 Ra8 20. Ne2 Ra2 21. Nc3 1/2-1/2

[Event "Enghien les Bains 3rd"]
[Site "Enghien les Bains"]
[Date "1999.03.11"]
[Round "8"]
[White "Beliavsky, Alexander G"]
[Black "Salov, Valery"]
[Result "1/2-1/2"]
[WhiteElo "2650"]
[BlackElo "2670"]
[Annotator "Ribli,Z"]
[PlyCount "144"]
[EventDate "1999.03.03"]
[EventType "tourn"]
[EventRounds "9"]
[EventCountry "FRA"]
[EventCategory "15"]
[SourceTitle "CBM 070"]
[Source "ChessBase"]
[SourceDate "1999.06.08"]
[SourceVersion "1"]
[SourceVersionDate "1999.06.08"]
[SourceQuality "1"]

{[%mdl 4128]} 1. c4 e5 2. Nc3 Nc6 3. g3 g6 4. Bg2 Bg7 5. Rb1 {Weiß bereitet
b2-b4 vor. Dank seines starken g2-Läufers hat er Spiel am Damenflügel, während
Schwarz Gegenspiel im Zentrum oder am Königsflügel suchen muß. Ribli.} a5 6. a3
f5 7. d3 Nf6 8. e3 {Weiß folgt dem Philidor-Prinzip. Er plaziert seine Figuren
hinten den Bauern. Die andere Möglichkeit wäre die Entwicklung des
Königsspringers nach f3.} (8. b4 axb4 9. axb4 d6 10. Nf3 O-O 11. O-O $11) 8...
Ne7 $5 {Eine interessante Strategie: Schwarz bereitet ...c7-c6 oder ...d7-d5
vor. Es ist klar, daß der Springer früher oder später das Feld c6 räumen muß,
aber in dieser konkreten Stellung wurde ...Ne7 noch nicht gespielt.} (8... O-O
9. Nge2 Ne7 $5 (9... d6 10. b4 axb4 11. axb4 Ne7 (11... Be6 12. Nd5 e4 13. Nef4
Bf7 14. Nxf6+ Bxf6 15. dxe4 Bxc4 16. Qc2 Ne5 17. exf5 d5 18. fxg6 hxg6 19. Qd1
c6 20. Bf1 Ba2 {1-0 Vasquez,R-Llorens,M/Santiago de Chile 1997/EXT 98 (43)})
12. Qb3 c6 13. O-O Be6 14. b5 Bf7 15. Rd1 Qc7 16. Rd2 Ra5 17. Ra2 Rfa8 {
1/2-1/2 Ljubojevic,L-Seirawan,Y/Novi Sad 1990/TD (38)}) (9... Kh8 10. b4 axb4
11. axb4 Ne7 12. O-O c6 13. f4 d6 14. Kh1 Be6 15. Qd2 Bf7 16. Bb2 exf4 17. gxf4
d5 18. c5 {1-0 Sokolovs,A-Novikov,V/Vilnius 1993/CBM 35 (45)}) (9... g5 10. f4
exf4 11. exf4 g4 12. d4 Ne7 13. d5 Ne8 14. Be3 Ra6 15. O-O {1-0 Gavrikov,
V-Nikolaev,S/Bern 1990/TD (49)}) 10. O-O c6 11. b3 $5 (11. c5 d5 12. cxd6 (12.
Na4 Be6 13. Nb6 Ra7 14. d4 e4 15. Bd2 Nd7 16. Nxd7 Qxd7 17. Qa4 Rfa8 18. Nc3 g5
19. Ra1 Ng6 {0-1 Reschke,S-Mohr,S/Bad Woerishofen 1990/EXT 97 (40)}) 12... Qxd6
13. Qc2 Be6 14. Na4 $6 (14. Rd1 {>=} b5 15. b3) 14... Ba2 15. Ra1 Bf7 16. Rd1
Nd7 17. d4 e4 $143 $15 {0-1 Karpov,A-Nikolic,P/Wijk aan Zee 1988/Inf 45 (42)})
(11. d4 e4 12. d5 cxd5 13. cxd5 b6 14. f3 exf3 15. Bxf3 Ba6 16. b4 axb4 17.
Rxb4 Kh8 {1/2-1/2 Paehtz,T-Mohr,S/Altensteig 1990/CBM 20/[Ribli] (42)}) 11...
d6 12. f4 exf4 13. exf4 d5 14. h3 c5 15. Na4 b6 16. Bb2 Ra7 17. d4 Ne4 18. dxc5
Nxc5 19. Bxg7 Kxg7 20. Qd4+ {1-0 Lobron,E-Stefansson,H/New York 1994/CBM 40
ext (39)}) 9. Nge2 c6 10. f4 $5 (10. c5) (10. d4 e4 11. d5) 10... d6 (10...
exf4 11. Nxf4 $14) 11. b4 axb4 12. axb4 O-O 13. O-O Be6 14. b5 $14 {Weiß hat
Initiative am Damenflügel.} Qc7 $5 {Schwarz muß die Spannung am Damenflügel
aufrecht erhalten.} (14... Qd7) 15. Qb3 Nd7 {[%cal Gd7c5,Gc5d3,Gc5b3]} 16. Rd1
(16. bxc6 bxc6 17. Qb7 Qxb7 (17... Rfc8 $5) 18. Rxb7 Rfb8 19. Rxb8+ Rxb8 20.
Ba3 c5 $11) 16... Rfe8 (16... Nc5 17. Qc2 $14 {Im folgenden kann Weiß mit
eventuellem d3-d4 ein Tempo gewinnen.}) 17. Rd2 {Ein tiefer Zug. In einigen
Varianten hat Weiß die Möglichkeit Qd1 und der Turm strebt zum Damenflügel.
Weiß läßt den Läufer auf c1, denn er muß den Bauern e3 halten.} Bf7 (17... Nc5
18. Qc2 (18. Qd1) 18... d5 $2 {Die Durchführung dieses Zentrumsdurchbruchs ist
immer gefährlich für Schwarz, denn Weiß hat starke Kontrolle über das Zentrum.}
19. bxc6 bxc6 20. cxd5 cxd5 21. Nb5 $16) 18. Qd1 exf4 19. gxf4 (19. exf4 $6 d5
$15) 19... d5 $13 {Nach diesem Zug entsteht eine scharfe Stellung mit
beiderseitigen Chancen.} 20. bxc6 (20. cxd5 $6 cxd5 21. Rc2 Qb6 $15) 20... bxc6
21. cxd5 Nxd5 $5 {Es ist notwendig für Schwarz, den e7-Springer gegen den
c3-Springer zu tauschen.} (21... cxd5 22. Rc2) 22. Nxd5 cxd5 23. Rc2 Qa7 {
[%cal Ga7g1,Ge8e2]} 24. d4 {[%csl Rd5,Re3,Ye4] Der schwarze Bauer d5 ist ein
wenig schwach, aber Weiss hat auch Probleme, denn er muss stets den e3-Bauern
verteidigen und das Feld e4 ist schwach.} Nf6 25. Nc3 Rac8 (25... Ne4 $5 26.
Nb5 (26. Bxe4 dxe4 27. Nb5 Qb6 $13 {[%cal Gb6b1]}) 26... Qa4 $13 27. Nc7 $2 Nc3
$19 {[%cal Rc3b1,Rc3d1,Ga4d1]}) 26. Bd2 Qd7 27. Rcc1 Rb8 (27... Rc7) (27... Ng4
28. Qf3 Nf6) 28. Rxb8 Rxb8 29. Rb1 Rxb1 (29... Ra8 30. Qb3 $14) 30. Qxb1 h6 31.
Qb5 $14 {Weiß hat leichten positionellen Vorteil wegen der schwarzen
Bauernschwäche auf d5. Mit gutem Spiel sollte Schwarz die Stellung allerdings
halten können.} Qe6 (31... Qxb5 $5 32. Nxb5 Ne4 33. Bb4 g5) 32. Na4 {[%csl Yc5]
} Be8 33. Qb6 Qe7 (33... Qxb6 34. Nxb6 Bc6 35. Bb4 $14 (35. Nc4 {[%csl Ye5]
[%cal Gg2c6]} Ne4 $11)) 34. Nc5 {[%csl Gc5]} Bf7 35. Qb7 Qe8 (35... Qxb7 36.
Nxb7 Ne4 37. Bb4 $14) 36. Nd3 {[%cal Gd3e5]} Ne4 37. Qb4 (37. Bb4 Qa4 $132)
37... Bf8 (37... Nxd2 38. Qxd2 $14) 38. Qa5 Qb8 {[%cal Rb8b1,Rb1g1]} 39. Bb4
Bxb4 (39... Bg7 40. Ne5 $14) 40. Qxb4 Qxb4 41. Nxb4 {Weiß hat leichten
Endspielvorteil. Der Bauer d5 ist schwach und Weiß verfügt über gute
potentielle Vorposten für seinen Springer (z.B. auf e5). Schwarz hat den
sogenannten "schlechten" Läufer, der wie die schwarzen Bauern weißfeldrig ist,
was bedeutet, daß die schwarzen Felder von Weiß beherrscht werden.} g5 42. Bxe4
fxe4 (42... dxe4 43. Kf2 $14 {[%csl Gd4] Und Weiß hat auf d4 einen
gefährlichen Freibauern.}) 43. Kf2 Kg7 (43... gxf4 44. exf4 Kg7 45. Nc2 $14 {
[%csl Ye3][%cal Gc2e3] Der Springer kann auf e3 sehr gut blockieren und
gleichzeitig die Bauernschwäche d5 unter Beschuß nehmen.}) 44. Kg3 Kf6 45. h4
$5 (45. fxg5+ Kxg5 $11) 45... Kf5 {Schwarz haltet die Spannung am Königsflügel,
um nicht die weiße Königsstellung zu verbessern.} (45... gxh4+ 46. Kxh4 $14 {
[%csl Gh4]}) (45... gxf4+ $2 46. Kxf4 $36 {[%csl Gf4]}) 46. fxg5 hxg5 47. Nc6
Be8 48. Ne5 {[%csl Ge5]} (48. Nb4 Bf7) 48... Bh5 (48... gxh4+ 49. Kxh4 $14) 49.
Kh3 Be8 (49... g4+ $4 50. Kg3 $22 $18) 50. Ng4 {Bei gutem Spiel kann sich
Schwarz gut verteidigen, aber er muß vorsichtig sein, denn der Springer
schafft einige Drohungen.} Bh5 51. Nf2 Be2 52. hxg5 Kxg5 $11 {Weiß hat nur
theoretischen Vorteil. Der schwarze Bauer d5 ist schwach, aber die schwarzen
Figuren sind aktiv genug, um das Gleichgewicht zu behaupten.} 53. Kg3 Bf1 54.
Ng4 (54. Nh3+ Bxh3 55. Kxh3 Kh5 $11) 54... Be2 55. Ne5 Bh5 56. Nc6 Bf7 57. Nb4
Be6 58. Na2 Bf7 59. Nc3 Be6 60. Ne2 Bg8 61. Nf4 Bf7 62. Nh3+ Kh5 $1 (62... Kf5
63. Kh4 $14 {Jetzt hätte Weiß etwas erreicht. Im folgenden kann er z.B. das
Manöver Nf2-h1-g3 durchführen und so weiteren Raum gewinnen.}) 63. Kf4 Kh4 {
Der aktive schwarze König plant, den schwachen Bauern e3 anzugreifen.} 64. Nf2
(64. Ng5 Bg8 65. Nxe4 (65. Kf5 Kg3 {[%csl Gg3]} 66. Ke5 (66. Kf6 $2 Kf2 67. Kg7
Kxe3 68. Kxg8 Kxd4 $19 {Und mit zwei verbundenen Freibauern steht Schwarz auf
Gewinn.}) 66... Kf2 67. Kf4 Ke2 $11) 65... dxe4 66. Kxe4 Kg5 67. Ke5 Kg6 $11)
64... Be6 65. Nd1 (65. Ke5 Bf7 $11 (65... Bg8 66. Nxe4 dxe4 67. d5 Bf7 68. Kxe4
Kg5 $11) (65... Kg3 $2 66. Nxe4+ $18)) 65... Kh3 66. Ke5 Bf7 67. Nc3 Kg3 68.
Nxd5 Bxd5 (68... Kf3 69. Nc3 Kxe3 70. Nxe4 Kd3 $11) 69. Kxd5 Kf3 70. Kc4 Kxe3
71. d5 Kf2 72. d6 e3 $11 1/2-1/2

[Event "Biel"]
[Site "Biel"]
[Date "1994.??.??"]
[Round "8"]
[White "Chiburdanidze, Maia"]
[Black "Landenbergue, Claude"]
[Result "1-0"]
[WhiteElo "2505"]
[BlackElo "2450"]
[Annotator "Ribli,Z"]
[PlyCount "109"]
[EventDate "1994.07.??"]
[EventType "tourn"]
[EventRounds "11"]
[EventCountry "SUI"]
[EventCategory "10"]
[SourceTitle "CBM 043"]
[Source "ChessBase"]
[SourceDate "1994.12.01"]
[SourceVersion "1"]
[SourceVersionDate "1994.12.01"]
[SourceQuality "1"]

1. c4 e5 2. g3 Nc6 3. Bg2 f5 4. Nc3 Nf6 5. e3 g6 6. Nge2 Bg7 7. d3 O-O 8. Nd5
d6 9. Bd2 Be6 10. Rc1 Bf7 11. Nxf6+ $5 (11. O-O Nxd5 12. cxd5 Ne7 13. e4 c6 14.
dxc6 Nxc6 $10 {Lobron,E-Nikolic,Pr/Vidmar-mem/1989/CBM14/INF47,29/}) 11... Bxf6
12. e4 fxe4 $6 (12... Ne7 $5 13. exf5 (13. O-O c6 $13) 13... Nxf5 14. Bxb7 Rb8
15. Bg2 Rxb2 $10) 13. dxe4 Bg7 14. Be3 Be6 15. O-O Kh8 (15... Qd7 $5) 16. Qd2
a5 17. h3 Qd7 18. Kh2 b6 19. b3 Rae8 20. a3 Rd8 21. Nc3 Nd4 22. Bxd4 $1 exd4
23. Ne2 c5 24. a4 $1 $14 Qf7 25. f4 Bd7 26. Rce1 Rde8 27. Nc1 $1 Bc6 28. Nd3
Re7 29. e5 Bxg2 (29... d5 30. f5 $1 gxf5 31. e6 Rxe6 32. Rxe6 Qxe6 33. cxd5
Bxd5 34. Nf4 $18) 30. Qxg2 Qf5 (30... dxe5 31. fxe5 $16) 31. exd6 Rxe1 32. Nxe1
Qe6 33. Nd3 Qxd6 34. Re1 Qd7 35. Qe4 Kg8 36. Qe6+ $1 $16 Qxe6 37. Rxe6 Rb8 (
37... Kf7 38. Rxb6 (38. Re2 $5) 38... Re8 39. Nxc5 $18) 38. Kg2 Rb7 39. g4 Kf7
40. Re1 $1 Bf6 41. Kf3 Rd7 42. g5 Bg7 43. Kg4 Re7 44. Rxe7+ Kxe7 45. f5 $1
gxf5+ 46. Kxf5 Kd6 47. h4 Bf8 (47... Ke7 48. h5 $18) 48. Kf6 $1 Be7+ 49. Kg7
Ke6 50. Kxh7 Kf5 51. g6 Bf8 52. g7 Bxg7 53. Kxg7 Kg4 54. Kg6 Kxh4 55. Kf5 1-0